LIBRARY & INFORMATION CENTRE, KCAET, TAVANUR

ONLINE PUBLIC ACCESS CATALOGUE (OPAC)

Normal view MARC view
  • HARITHA H

Entry Personal Name

Number of records used in: 1

001 - CONTROL NUMBER

  • control field: 5505

003 - CONTROL NUMBER IDENTIFIER

  • control field: OSt

005 - DATE AND TIME OF LATEST TRANSACTION

  • control field: 20230712111114.0

008 - FIXED-LENGTH DATA ELEMENTS

  • fixed length control field: 230712|| aca||aabn | a|a d

040 ## - CATALOGING SOURCE

  • Original cataloging agency: OSt
  • Transcribing agency: OSt

100 ## - HEADING--PERSONAL NAME

  • Personal name: HARITHA H
  • Personal name: JOSEPH P J
  • Personal name: MALU S
  • Personal name: MEGHA
  • Personal name: SHARON SHAJI

670 ## - SOURCE DATA FOUND

  • Source citation: Work cat.: (OSt)17725: HARITHA H JOSEPH P J MALU S MEGHA SHARON SHAJI, PRODUCTION AND CHARACTERIZATION OF ACTIVATED CHARCOAL FROM COCOA POD, 2023
free website counter